[Event "Mauricie op"]
[Site "Trois-Rivieres CAN"]
[Date "2016.03.20"]
[Round "4"]
[White "Wilkin, Alain"]
[Black "Trottier, Emile"]
[Result "0-1"]
[WhiteElo "1917"]
[BlackElo "2060"]
[PlyCount "97"]
[EventDate "2016.03.18"]
[EventType "swiss"]
[EventRounds "5"]
[EventCountry "CAN"]

1. Nf3 e6 2. d4 d5 3. e3 f5 4. Bd3 Nf6 5. b3 c6 6. Bb2 Bd6 7. Nbd2 O-O 8. O-O
Bd7 9. Ne5 Be8 10. c4 Bh5 11. Qc2 Nbd7 12. f3 Qe7 13. Kh1 Rae8 14. Nxd7 Nxd7
15. f4 Rf6 16. Nf3 Rh6 17. Bc3 Nf6 18. h3 Bxf3 19. Rxf3 Ne4 20. Bxe4 fxe4 21.
Rg3 Qf7 22. Kg1 Be7 23. Be1 Rh5 24. Qe2 Rf5 25. c5 h5 26. h4 Bxh4 27. Rxg7+
Qxg7 28. Bxh4 Ref8 29. Rd1 Qg4 30. Qxg4+ hxg4 31. Kh2 b6 32. Be7 R8f7 33. Bd6
b5 34. Kg3 Rh5 35. Be5 Rfh7 36. Rd2 Rh1 37. Re2 Rg1 38. Bf6 Rhh1 39. Kxg4 Re1
40. Rc2 Rxe3 41. f5 Kf7 42. Bg5 Rd3 43. fxe6+ Kxe6 44. Rf2 Rxd4 45. Rf6+ Kd7
46. Rf7+ Kc8 47. Bf6 Rd2 48. g3 Rxa2 49. Be5 0-1

[Event "Mauricie op"]
[Site "Trois-Rivieres CAN"]
[Date "2016.03.20"]
[Round "5"]
[White "Cazelais, Marc"]
[Black "Turcotte, Jonathan"]
[Result "1-0"]
[WhiteElo "2207"]
[BlackElo "2103"]
[PlyCount "87"]
[EventDate "2016.03.18"]
[EventType "swiss"]
[EventRounds "5"]
[EventCountry "CAN"]

1. e4 c6 2. c4 d5 3. exd5 cxd5 4. cxd5 Nf6 5. Nc3 Nxd5 6. Nf3 Nc6 7. d4 Bg4 8.
Qb3 Bxf3 9. gxf3 e6 10. Qxb7 Nxd4 11. Bb5+ Nxb5 12. Qc6+ Ke7 13. Qxb5 Qd7 14.
Nxd5+ Qxd5 15. Qxd5 exd5 16. Be3 Ke6 17. O-O-O Bb4 18. a3 Ba5 19. b4 Bb6 20.
Rhe1 Kd6 21. Rd3 Rhe8 22. Red1 Bxe3+ 23. fxe3 Kc6 24. Rc3+ Kd6 25. e4 Re5 26.
Rc5 Rae8 27. Rdxd5+ Rxd5 28. Rxd5+ Kc6 29. Kd2 Re6 30. Rh5 Rd6+ 31. Ke2 h6 32.
Rf5 f6 33. Rc5+ Kb6 34. h4 Rd4 35. h5 Rd7 36. f4 Rd4 37. Ke3 Rd1 38. Rd5 Ra1
39. Ra5 Rh1 40. Kf3 Rg1 41. e5 fxe5 42. fxe5 Rh1 43. Kg4 Rg1+ 44. Kf4 1-0

[Event "Mauricie op"]
[Site "Trois-Rivieres CAN"]
[Date "2016.03.20"]
[Round "5"]
[White "Lepine, Cedric"]
[Black "Ouellet, Maili-Jade"]
[Result "1/2-1/2"]
[WhiteElo "2113"]
[BlackElo "1989"]
[PlyCount "68"]
[EventDate "2016.03.18"]
[EventType "swiss"]
[EventRounds "5"]
[EventCountry "CAN"]

1. d4 d5 2. Bf4 Nf6 3. e3 e6 4. Bd3 Be7 5. Nd2 b6 6. c3 Bb7 7. Ngf3 c5 8. Ne5
O-O 9. Qf3 Nbd7 10. Qh3 g6 11. Ndf3 Nh5 12. Bh6 Ng7 13. Nxd7 Qxd7 14. Ne5 Qe8
15. Qf3 f6 16. Ng4 e5 17. Qe2 e4 18. Bb5 Qc8 19. O-O-O a6 20. Ba4 b5 21. Bc2 b4
22. cxb4 cxd4 23. exd4 Bxb4 24. Kb1 a5 25. Rc1 Qd7 26. Ba4 Qxa4 27. Rc7 Ne6 28.
Rxb7 Rf7 29. Qb5 Qxb5 30. Rxb5 Rd8 31. Rd1 Nc7 32. Rb7 Na8 33. Rb5 Nc7 34. Rb7
Na8 1/2-1/2

[Event "Mauricie op"]
[Site "Trois-Rivieres CAN"]
[Date "2016.03.20"]
[Round "5"]
[White "Luksza, Arkadiusz"]
[Black "Larochelle, Martial"]
[Result "1-0"]
[WhiteElo "2287"]
[BlackElo "2194"]
[PlyCount "71"]
[EventDate "2016.03.18"]
[EventType "swiss"]
[EventRounds "5"]
[EventCountry "CAN"]
[TimeControl "900+2"]

1. d4 d5 2. c4 c6 3. Nc3 Nf6 4. e3 a6 5. c5 Nbd7 6. Nf3 Qc7 7. Bd3 e5 8. Bc2 e4
9. Nd2 b6 10. cxb6 Qxb6 11. O-O c5 12. dxc5 Nxc5 13. Nb3 Bb7 14. Nxc5 Qxc5 15.
Ba4+ Bc6 16. Bd2 Bd7 17. Bxd7+ Nxd7 18. Rc1 Qd6 19. Qa4 Rd8 20. Ne2 Qh6 21. Ba5
Bd6 22. h3 O-O 23. Bxd8 Rxd8 24. Rfd1 Qg5 25. Qa5 Nf8 26. Nf4 Bxf4 27. exf4 Qf6
28. Rxd5 Qxb2 29. Rcd1 Re8 30. R5d2 Qb7 31. Rd8 Rxd8 32. Rxd8 Qe7 33. Qd2 e3
34. fxe3 g6 35. Kf2 Qh4+ 36. Kf1 1-0

[Event "Mauricie op"]
[Site "Trois-Rivieres CAN"]
[Date "2016.03.20"]
[Round "5"]
[White "Trottier, Emile"]
[Black "Pepin, Christian"]
[Result "1/2-1/2"]
[WhiteElo "2060"]
[BlackElo "1985"]
[PlyCount "67"]
[EventDate "2016.03.18"]
[EventType "swiss"]
[EventRounds "5"]
[EventCountry "CAN"]

1. e4 e6 2. d4 d5 3. e5 c5 4. c3 Ne7 5. a3 Nec6 6. b4 cxd4 7. cxd4 Nd7 8. Nf3
Be7 9. Bd3 O-O 10. O-O f6 11. Bb2 Qe8 12. b5 Na5 13. Nbd2 Nb6 14. Qc2 g6 15.
Qc3 Nac4 16. Nxc4 dxc4 17. Bxc4 Bd7 18. a4 Rc8 19. Nd2 fxe5 20. Qb3 Bg5 21. Ne4
Nxc4 22. Nxg5 Nd2 23. Qd3 Nxf1 24. Rxf1 a6 25. dxe5 axb5 26. Ne4 bxa4 27. Nf6+
Rxf6 28. exf6 Kf7 29. Rd1 Bc6 30. Qh3 h5 31. Qd3 Bd5 32. h3 Rc7 33. Qe3 Rc8 34.
Qh6 1/2-1/2

[Event "Mauricie op U1700"]
[Site "Trois-Rivieres CAN"]
[Date "2016.03.18"]
[Round "1"]
[White "McLeod, Jack"]
[Black "Beauregard, Pascal"]
[Result "1-0"]
[WhiteElo "1689"]
[BlackElo "1508"]
[PlyCount "113"]
[EventDate "2016.03.18"]
[EventType "swiss"]
[EventRounds "5"]
[EventCountry "CAN"]

1. d4 d5 2. c4 c6 3. Nf3 Nf6 4. Nc3 e6 5. cxd5 exd5 6. Bf4 Be7 7. h3 Bf5 8. e3
Nbd7 9. Bh2 Qb6 10. Qb3 Qxb3 11. axb3 Bc2 12. Nd2 a6 13. Be2 c5 14. Rc1 Bg6 15.
Nf3 h6 16. O-O O-O 17. Rfd1 Rfd8 18. Ne5 Nxe5 19. dxe5 Ne4 20. Nxd5 Bf8 21. Nb6
Rxd1+ 22. Rxd1 Re8 23. h4 c4 24. bxc4 Nc5 25. b4 Ne6 26. c5 a5 27. Bb5 Rd8 28.
Rxd8 Nxd8 29. bxa5 Bxc5 30. Kf1 Bb4 31. a6 bxa6 32. Bxa6 Bc3 33. Nd5 Bb2 34.
Ne7+ Kf8 35. Nxg6+ fxg6 36. Bc4 Ke7 37. Bd3 Kf7 38. Bc4+ Ke7 39. Bd5 Ne6 40.
Bxe6 Kxe6 41. g4 Bxe5 42. Bxe5 Kxe5 43. f3 g5 44. hxg5 hxg5 45. Ke2 g6 46. Kd3
Kd5 47. Kc3 Ke5 48. Kc4 Ke6 49. Kd4 Kd6 50. e4 Ke6 51. e5 Ke7 52. Kd5 Kd7 53.
e6+ Ke8 54. Ke4 Kf8 55. f4 Ke7 56. f5 gxf5+ 57. Kxf5 1-0

[Event "Mauricie op U1700"]
[Site "Trois-Rivieres CAN"]
[Date "2016.03.19"]
[Round "2"]
[White "Bernatchez, Lucas"]
[Black "McLeod, Jack"]
[Result "1/2-1/2"]
[WhiteElo "1561"]
[BlackElo "1689"]
[PlyCount "129"]
[EventDate "2016.03.18"]
[EventType "swiss"]
[EventRounds "5"]
[EventCountry "CAN"]

1. e4 c6 2. d4 d5 3. exd5 cxd5 4. Bd3 Nc6 5. c3 g6 6. Bf4 Nf6 7. Nf3 Bg7 8. O-O
Bf5 9. Bxf5 gxf5 10. Re1 e6 11. Nbd2 h6 12. Qc2 O-O 13. h3 Rc8 14. Qd3 Qb6 15.
Nb3 Ne4 16. Qe3 Kh7 17. Nfd2 a5 18. f3 Nf6 19. Rab1 Nd7 20. Kh1 Rfe8 21. Qd3 a4
22. Na1 Ne7 23. Nc2 Ng6 24. Bh2 Bf6 25. Na3 Bg5 26. Nf1 Bf4 27. g3 Bd6 28. Nc2
Qc6 29. Nfe3 Kg7 30. Re2 f4 31. gxf4 Nxf4 32. Bxf4 Bxf4 33. Rg2+ Kh8 34. Rbg1
Rg8 35. Rg4 Qd6 36. R1g2 Nf6 37. Rxg8+ Rxg8 38. Ng4 Nxg4 39. fxg4 Bg5 40. Rf2
Kg7 41. Qf1 Rf8 42. Ne1 Bh4 43. Rf3 Bxe1 44. Qxe1 f6 45. Qf1 Qc6 46. h4 b5 47.
g5 hxg5 48. hxg5 f5 49. Qe2 Rh8+ 50. Kg2 Kg6 51. Qe5 Rf8 52. Rh3 Qd7 53. Kf3
Kxg5 54. Qg3+ Kf6 55. Rh6+ Ke7 56. Rh7+ Rf7 57. Qh4+ Kd6 58. Rxf7 Qxf7 59. Qd8+
Qd7 60. Qf8+ Kc6 61. Qc5+ Kb7 62. Qf8 Qc6 63. Qe7+ Ka6 64. Kf4 Kb6 65. Kg5
1/2-1/2

[Event "Mauricie op U1700"]
[Site "Trois-Rivieres CAN"]
[Date "2016.03.20"]
[Round "4"]
[White "Gendron, Roger"]
[Black "McLeod, Jack"]
[Result "0-1"]
[WhiteElo "1497"]
[BlackElo "1689"]
[PlyCount "100"]
[EventDate "2016.03.18"]
[EventType "swiss"]
[EventRounds "5"]
[EventCountry "CAN"]

1. c4 Nf6 2. Nc3 e6 3. g3 Bb4 4. Qc2 d5 5. cxd5 exd5 6. Nb5 Nc6 7. a3 Be7 8.
Nf3 a6 9. Nbd4 Nxd4 10. Nxd4 c5 11. Nf5 Bxf5 12. Qxf5 O-O 13. Bg2 Re8 14. O-O
Qd6 15. d3 Qe6 16. e4 Qxf5 17. exf5 Rad8 18. Bd2 b6 19. Rac1 Ng4 20. Rfe1 Bf6
21. Rxe8+ Rxe8 22. Bxd5 Bd4 23. Rf1 Nxf2 24. Bc3 Nxd3+ 25. Bxd4 cxd4 26. b3 Ne5
27. Rd1 Rd8 28. Bb7 a5 29. h3 Kf8 30. Kf2 Ke7 31. g4 Kf6 32. Kg3 d3 33. Rd2 Rd4
34. Bg2 a4 35. bxa4 Nc4 36. Rd1 d2 37. Bf3 Nb2 38. Rb1 d1=Q 39. Bxd1 Nxd1 40.
Rxb6+ Ke5 41. a5 Rd3+ 42. Kg2 Rxa3 43. a6 Kf4 44. Rb4+ Kg5 45. Rb7 Rxa6 46.
Rxf7 Kf4 47. Rb7 Ne3+ 48. Kf2 Ra2+ 49. Ke1 Kf3 50. Rb3 Re2# 0-1

[Event "Mauricie op U1700"]
[Site "Trois-Rivieres CAN"]
[Date "2016.03.20"]
[Round "4"]
[White "Jacques, Simon"]
[Black "Lanuzo, Angelito"]
[Result "0-1"]
[WhiteElo "1648"]
[BlackElo "1524"]
[PlyCount "36"]
[EventDate "2016.03.18"]
[EventType "swiss"]
[EventRounds "5"]
[EventCountry "CAN"]

1. e4 c5 2. Nf3 a6 3. d4 cxd4 4. Nxd4 e5 5. Nf5 d6 6. Nc3 Nc6 7. g3 Bxf5 8.
exf5 Nge7 9. Bg5 Qd7 10. f6 Ng6 11. h4 h6 12. Bh3 Qc7 13. h5 hxg5 14. hxg6 Nd4
15. Bd7+ Qxd7 16. Rxh8 fxg6 17. Nd5 Qf7 18. c3 Ne6 0-1

[Event "Mauricie op U1700"]
[Site "Trois-Rivieres CAN"]
[Date "2016.03.20"]
[Round "4"]
[White "Paquin, Luc"]
[Black "Charette, Nicolas"]
[Result "1-0"]
[WhiteElo "1420"]
[BlackElo "1557"]
[PlyCount "83"]
[EventDate "2016.03.18"]
[EventType "swiss"]
[EventRounds "5"]
[EventCountry "CAN"]

1. e4 e5 2. Nf3 Nf6 3. Bc4 Nxe4 4. d3 Nc5 5. Nxe5 d5 6. Qf3 Be6 7. Bb3 Nxb3 8.
axb3 c5 9. c4 Be7 10. O-O O-O 11. Bf4 Nc6 12. Nxc6 bxc6 13. Nc3 Bf6 14. Ra4 Re8
15. Rfa1 Bd4 16. h3 Re7 17. Bg5 f6 18. Bf4 Bf7 19. Ra6 Qd7 20. Qg3 Be5 21. Bxe5
Rxe5 22. cxd5 cxd5 23. Rxf6 Qe7 24. Rfa6 d4 25. Ne4 Kh8 26. f4 Re6 27. Rxe6
Bxe6 28. Ra3 Bd5 29. Qg5 Qxg5 30. Nxg5 a6 31. Ne4 Rc8 32. Ra5 Bxb3 33. Rxc5 Rb8
34. Nd6 g6 35. Kf2 Ba2 36. Rc8+ Rxc8 37. Nxc8 Bd5 38. Nb6 Bc6 39. Nc4 Kg8 40.
Ne5 Bd5 41. Nf3 a5 42. Nxd4 1-0

[Event "Mauricie op U1700"]
[Site "Trois-Rivieres CAN"]
[Date "2016.03.20"]
[Round "4"]
[White "Turgeon, Yoakim"]
[Black "Garceau, Steve"]
[Result "1-0"]
[WhiteElo "1576"]
[BlackElo "1602"]
[PlyCount "77"]
[EventDate "2016.03.18"]
[EventType "swiss"]
[EventRounds "5"]
[EventCountry "CAN"]

1. d4 Nf6 2. e3 e6 3. Bd3 d5 4. f4 c5 5. c3 Nc6 6. Nf3 c4 7. Bc2 b5 8. Ne5 Bd7
9. O-O g6 10. Nd2 Bg7 11. e4 O-O 12. Nxc6 Bxc6 13. e5 Ne8 14. Nf3 a5 15. h4 f5
16. h5 h6 17. hxg6 Nc7 18. Qe1 Be8 19. Nh4 Kh8 20. Bd1 Rg8 21. g4 fxg4 22. Bxg4
Bf8 23. f5 exf5 24. Bxf5 Be7 25. Bxh6 Bxh4 26. g7+ Rxg7+ 27. Bxg7+ Kxg7 28. Qe3
Qg5+ 29. Qxg5+ Bxg5 30. Rf3 Be7 31. Raf1 Ra6 32. Rg3+ Rg6 33. Bxg6 Bxg6 34. b3
cxb3 35. axb3 a4 36. Rb1 Kf7 37. Rb2 a3 38. Rf2+ Kg7 39. Rfg2 1-0

[Event "Mauricie op U1700"]
[Site "Trois-Rivieres CAN"]
[Date "2016.03.20"]
[Round "5"]
[White "Tanaka, Tyler"]
[Black "Turgeon, Yoakim"]
[Result "1/2-1/2"]
[WhiteElo "1555"]
[BlackElo "1576"]
[PlyCount "29"]
[EventDate "2016.03.18"]
[EventType "swiss"]
[EventRounds "5"]
[EventCountry "CAN"]

1. e4 e5 2. Nf3 Nc6 3. Bb5 a6 4. Ba4 Nf6 5. O-O Be7 6. Re1 b5 7. Bb3 O-O 8. h3
Bc5 9. c3 Re8 10. d4 Bb6 11. dxe5 Nxe5 12. Bg5 h6 13. Bxf6 Qxf6 14. Nxe5 Bxf2+
15. Kh1 1/2-1/2

[Event "Mauricie op U2000"]
[Site "Trois-Rivieres CAN"]
[Date "2016.03.18"]
[Round "1"]
[White "Abran, David"]
[Black "Boileau, Alain"]
[Result "1/2-1/2"]
[WhiteElo "1891"]
[BlackElo "1761"]
[PlyCount "77"]
[EventDate "2016.03.18"]
[EventType "swiss"]
[EventRounds "5"]
[EventCountry "CAN"]

1. d4 Nf6 2. Nc3 g6 3. e4 d6 4. f3 Bg7 5. Be3 O-O 6. Qd2 c6 7. Bh6 b5 8. h4 Qa5
9. Bxg7 Kxg7 10. h5 Nbd7 11. hxg6 fxg6 12. Qh6+ Kf7 13. Nh3 b4 14. Ne2 Ba6 15.
Ng5+ Ke8 16. Nxh7 Nxh7 17. Qxg6+ Kd8 18. Rxh7 Nf6 19. Rg7 Bxe2 20. Bxe2 b3+ 21.
c3 bxa2 22. Qg5 Qa4 23. e5 dxe5 24. dxe5 Nd5 25. Qd2 Qh4+ 26. Kd1 Qh1+ 27. Qe1
Ne3+ 28. Kd2 Qh6 29. Kc1 Nc4+ 30. Kc2 Ne3+ 31. Kd3 Qxg7 32. Kxe3 Qxe5+ 33. Kd2
Qg5+ 34. Kc2 Qxg2 35. Qd2+ Kc7 36. Qe3 Qg6+ 37. Bd3 Qg2+ 38. Be2 Qg6+ 39. Bd3
1/2-1/2

[Event "Mauricie op U2000"]
[Site "Trois-Rivieres CAN"]
[Date "2016.03.18"]
[Round "1"]
[White "Bleau, John"]
[Black "Marcouiller, David"]
[Result "1/2-1/2"]
[WhiteElo "1907"]
[BlackElo "1771"]
[PlyCount "85"]
[EventDate "2016.03.18"]
[EventType "swiss"]
[EventRounds "5"]
[EventCountry "CAN"]

1. d4 Nf6 2. c4 c5 3. e3 e6 4. Nc3 g6 5. Nf3 cxd4 6. exd4 d5 7. Bg5 dxc4 8.
Bxc4 Bg7 9. O-O O-O 10. Rc1 Nc6 11. Re1 h6 12. Bh4 Qa5 13. Ne5 Ne7 14. Ne4 Ned5
15. Qf3 Nxe4 16. Qxe4 f5 17. Qf3 g5 18. Bxg5 hxg5 19. Qh5 Qd8 20. Bxd5 exd5 21.
Nf3 f4 22. Nxg5 Bf5 23. Re6 Rf6 24. Rce1 Bg6 25. Qg4 Qf8 26. Re7 Bf5 27. Qf3
Be4 28. R7xe4 dxe4 29. Qxe4 Rh6 30. Qd5+ Kh8 31. Nf7+ Kh7 32. Nxh6 Kxh6 33.
Qxb7 Rb8 34. Re6+ Kh7 35. Qe4+ Kh8 36. h3 Qb4 37. Qxf4 Qxb2 38. Re7 Rf8 39.
Qh4+ Kg8 40. Rd7 Qxa2 41. Qg3 Rf7 42. Rd8+ Rf8 43. Rd7 1/2-1/2

[Event "Mauricie op U2000"]
[Site "Trois-Rivieres CAN"]
[Date "2016.03.18"]
[Round "1"]
[White "Deschamps, Martin"]
[Black "Huang, Qiuyu"]
[Result "1/2-1/2"]
[WhiteElo "1803"]
[BlackElo "1933"]
[PlyCount "129"]
[EventDate "2016.03.18"]
[EventType "swiss"]
[EventRounds "5"]
[EventCountry "CAN"]

1. c4 e6 2. Nc3 d5 3. d4 Nf6 4. Nf3 Nbd7 5. e3 c6 6. a4 b6 7. Bd3 Bb7 8. O-O
Be7 9. Re1 O-O 10. e4 dxe4 11. Nxe4 c5 12. Bf4 cxd4 13. Nxd4 e5 14. Nf5 exf4
15. Nxe7+ Qxe7 16. Nd6 Qd8 17. Nxb7 Qc7 18. Nd6 Nc5 19. Nb5 Qd7 20. Bc2 Rad8
21. Qxd7 Rxd7 22. Rad1 a6 23. Rxd7 Nfxd7 24. Nc7 a5 25. Nd5 g6 26. Nxf4 Nf6 27.
Nd3 Nxd3 28. Bxd3 Rd8 29. Rd1 Kf8 30. Bc2 Re8 31. Kf1 Ke7 32. Re1+ Kd6 33. Rxe8
Nxe8 34. Ke2 Kc5 35. b3 Nc7 36. Ke3 Ne6 37. Ke4 f6 38. Bd1 Nd4 39. h4 Nc6 40.
f4 f5+ 41. Kd3 Nb4+ 42. Kc3 Na2+ 43. Kd3 Nb4+ 44. Ke3 Na2 45. g4 Nc3 46. Bf3
Kb4 47. h5 Kxb3 48. hxg6 hxg6 49. Kd4 Nxa4 50. gxf5 gxf5 51. Bd1+ Kb4 52. Bc2
Nb2 53. Bxf5 Nxc4 54. Be6 Nd6 55. f5 Ne8 56. Kd3 Nf6 57. Kc2 b5 58. Kb2 Ne4 59.
Bg8 Kc5 60. Kb3 Kd6 61. Bf7 Ke5 62. Be8 a4+ 63. Kb4 Nd6 64. Bxb5 Nxb5 65. Kxa4
1/2-1/2

[Event "Mauricie op U2000"]
[Site "Trois-Rivieres CAN"]
[Date "2016.03.18"]
[Round "1"]
[White "Deschesnes, Jean"]
[Black "Ranola, Alberto"]
[Result "0-1"]
[WhiteElo "1769"]
[BlackElo "1893"]
[PlyCount "104"]
[EventDate "2016.03.18"]
[EventType "swiss"]
[EventRounds "5"]
[EventCountry "CAN"]

1. e4 c5 2. Nf3 Nc6 3. d4 cxd4 4. c3 dxc3 5. Nxc3 e6 6. Bc4 a6 7. O-O b5 8. Bb3
Bb7 9. Qe2 Nge7 10. Rd1 Ng6 11. Be3 Be7 12. Rac1 O-O 13. Bc2 d6 14. Bb1 Qa5 15.
Nd2 Rac8 16. Nb3 Qd8 17. f4 Qe8 18. f5 Nge5 19. Nd4 b4 20. fxe6 bxc3 21. exf7+
Rxf7 22. Rxc3 Nxd4 23. Bxd4 Rxc3 24. bxc3 Bf8 25. Bc2 Kh8 26. Bb3 Rf4 27. Bxe5
Qxe5 28. Qc4 d5 29. Qd4 Qxd4+ 30. cxd4 Rxe4 31. Rf1 Kg8 32. Rc1 Bd6 33. Rd1
Rxd4 34. Re1 Kf7 35. g3 Rd2 36. Rf1+ Kg6 37. Rc1 d4 38. Rc2 Rxc2 39. Bxc2+ Kf6
40. Bxh7 Bd5 41. Bd3 a5 42. a4 Bb3 43. Bb5 Bc2 44. Kf2 d3 45. Ke3 Bc5+ 46. Kd2
Bb4+ 47. Kc1 Ke5 48. h4 Kd4 49. Kb2 Bc3+ 50. Kc1 Be1 51. h5 Kc3 52. Bxd3 Bd2#
0-1

[Event "Mauricie op U2000"]
[Site "Trois-Rivieres CAN"]
[Date "2016.03.18"]
[Round "1"]
[White "Mercure, Gilbert"]
[Black "Vallieres, David"]
[Result "0-1"]
[WhiteElo "1735"]
[BlackElo "1885"]
[PlyCount "84"]
[EventDate "2016.03.18"]
[EventType "swiss"]
[EventRounds "5"]
[EventCountry "CAN"]

1. e4 c5 2. d4 cxd4 3. c3 dxc3 4. Nxc3 Nc6 5. Nf3 a6 6. Bc4 e6 7. Bf4 b5 8. Bb3
d6 9. O-O Nf6 10. Qe2 e5 11. Ng5 Be6 12. Bxe6 fxe6 13. Nxe6 Qc8 14. Nd5 exf4
15. Nec7+ Kf7 16. Nxa8 Qxa8 17. Nxf4 Nd4 18. Qd2 Ne6 19. Nxe6 Kxe6 20. f3 Be7
21. Rac1 Rc8 22. g4 Rxc1 23. Rxc1 d5 24. e5 Nd7 25. Qf4 g6 26. Rc7 Bc5+ 27. Kg2
Bb6 28. Rc2 d4 29. g5 d3 30. Rc3 Qd5 31. Rc8 Ke7 32. Qh4 Nxe5 33. Qxh7+ Qf7 34.
Re8+ Kxe8 35. Qh8+ Kd7 36. Qxe5 Qe6 37. Qg7+ Kc6 38. Qc3+ Qc4 39. Qf6+ Kb7 40.
Qe7+ Bc7 41. Kf2 Qc2+ 42. Kf1 d2 0-1

[Event "Mauricie op U2000"]
[Site "Trois-Rivieres CAN"]
[Date "2016.03.18"]
[Round "1"]
[White "Morin, Louis"]
[Black "Vezina, Antoine"]
[Result "1-0"]
[WhiteElo "1925"]
[BlackElo "1785"]
[PlyCount "45"]
[EventDate "2016.03.18"]
[EventType "swiss"]
[EventRounds "5"]
[EventCountry "CAN"]

1. e4 e5 2. Nf3 Nc6 3. Bc4 Nf6 4. Ng5 d5 5. exd5 Na5 6. Bb5+ c6 7. dxc6 bxc6 8.
Qf3 Rb8 9. Bxc6+ Nxc6 10. Qxc6+ Bd7 11. Qc4 Qe7 12. Nc3 h6 13. Nge4 Rb4 14. Qe2
Bc6 15. d3 Nxe4 16. dxe4 Qh4 17. a3 Bb5 18. Nxb5 Rxe4 19. Be3 Bc5 20. Nc7+ Kd8
21. Nd5 f5 22. O-O-O Bd4 23. Qa6 1-0

[Event "Mauricie op U2000"]
[Site "Trois-Rivieres CAN"]
[Date "2016.03.18"]
[Round "1"]
[White "Saha, Ananda"]
[Black "Morisette, Jean"]
[Result "1-0"]
[WhiteElo "1941"]
[BlackElo "1810"]
[PlyCount "85"]
[EventDate "2016.03.18"]
[EventType "swiss"]
[EventRounds "5"]
[EventCountry "CAN"]

1. d4 d5 2. c4 e6 3. Nc3 Be7 4. Nf3 Nf6 5. cxd5 exd5 6. Bg5 O-O 7. Qc2 c6 8. e3
Bg4 9. Bd3 h6 10. Bh4 Re8 11. Ne5 Bc8 12. O-O Nbd7 13. f4 Nf8 14. Rab1 Ng4 15.
Bxe7 Qxe7 16. Qe2 f6 17. Ng6 Qxe3+ 18. Qxe3 Nxe3 19. Rfe1 Bf5 20. Rxe3 Bxg6 21.
Rxe8 Rxe8 22. f5 Bh5 23. Kf2 Nd7 24. b4 Bf7 25. Na4 Re7 26. b5 cxb5 27. Rxb5 b6
28. Nc3 a6 29. Rb1 b5 30. a4 bxa4 31. Nxa4 a5 32. Rb5 Nf8 33. Rxa5 Rb7 34. Nc5
Rb2+ 35. Kf3 Rd2 36. Ra8 Bh5+ 37. g4 Bf7 38. Ke3 Rxh2 39. Nd7 Rh3+ 40. Kd2 g5
41. fxg6 Rxd3+ 42. Kxd3 Bxg6+ 43. Ke3 1-0

[Event "Mauricie op U2000"]
[Site "Trois-Rivieres CAN"]
[Date "2016.03.19"]
[Round "2"]
[White "Desjardins, Michel"]
[Black "Milette, Patrick"]
[Result "0-1"]
[WhiteElo "1910"]
[BlackElo "1841"]
[PlyCount "34"]
[EventDate "2016.03.18"]
[EventType "swiss"]
[EventRounds "5"]
[EventCountry "CAN"]

1. e4 g6 2. d4 Bg7 3. Nc3 a6 4. Be3 b5 5. Qd2 Bb7 6. f3 d6 7. O-O-O Nd7 8. Kb1
c5 9. dxc5 Nxc5 10. Nxb5 Qb6 11. Nc3 Bc6 12. Bd4 Nf6 13. e5 dxe5 14. Bxe5 O-O
15. Qe3 Rfd8 16. Rxd8+ Rxd8 17. Kc1 Nb3+ 0-1

[Event "Mauricie op U2000"]
[Site "Trois-Rivieres CAN"]
[Date "2016.03.19"]
[Round "2"]
[White "Gervais, Guillaume"]
[Black "Zhong, Wenxuan"]
[Result "0-1"]
[WhiteElo "1492"]
[BlackElo "1853"]
[PlyCount "148"]
[EventDate "2016.03.18"]
[EventType "swiss"]
[EventRounds "5"]
[EventCountry "CAN"]

1. e4 c5 2. Nf3 Nc6 3. d4 cxd4 4. Nxd4 g6 5. Be3 Bg7 6. Nc3 Nf6 7. Be2 O-O 8.
O-O d5 9. Nxc6 bxc6 10. exd5 cxd5 11. Bd4 Bb7 12. f4 Re8 13. Bb5 Rf8 14. Be2
Bc6 15. Bf3 e6 16. Re1 Rb8 17. Rb1 a5 18. Qd3 Nd7 19. Bxg7 Kxg7 20. Qd4+ Qf6
21. Qxf6+ Kxf6 22. g3 Rfc8 23. Ne2 Nb6 24. b3 Bb5 25. Nd4 Ba6 26. Kg2 Nd7 27.
Kg1 Rb4 28. Rbd1 Nb8 29. a3 Rb6 30. Be2 Bxe2 31. Rxe2 Nc6 32. Nxc6 Rbxc6 33.
Rdd2 Rc3 34. a4 Ke7 35. Kf2 Kd6 36. Ke1 Kc5 37. Kd1 Kb4 38. Rf2 h5 39. Rfe2 Ka3
40. Rf2 Kb2 41. Rfe2 R8c7 42. Rf2 Kb1 43. Rfe2 Kb2 44. Rf2 Ka3 45. Rfe2 Kb4 46.
Rf2 Kc5 47. Rfe2 Kd6 48. Rf2 Ke7 49. Rfe2 Kf6 50. Rf2 Kf5 51. Rd3 Rxd3+ 52.
cxd3 Rc3 53. Rb2 Rxd3+ 54. Ke2 Rd4 55. Ke3 Rb4 56. Kf3 g5 57. fxg5 Kxg5 58. Ke3
e5 59. Kd3 e4+ 60. Ke3 f5 61. Rb1 d4+ 62. Kd2 h4 63. gxh4+ Kxh4 64. Rb2 f4 65.
Ke1 f3 66. Kf1 e3 67. Ke1 d3 68. Rb1 d2+ 69. Kd1 Rd4 70. Ra1 e2+ 71. Kc2 d1=Q+
72. Rxd1 exd1=Q+ 73. Kb2 Rd2+ 74. Kc3 Qc2# 0-1

[Event "Mauricie op U2000"]
[Site "Trois-Rivieres CAN"]
[Date "2016.03.19"]
[Round "2"]
[White "Keep, Richard"]
[Black "Mercure, Gilbert"]
[Result "0-1"]
[WhiteElo "1549"]
[BlackElo "1735"]
[PlyCount "84"]
[EventDate "2016.03.18"]
[EventType "swiss"]
[EventRounds "5"]
[EventCountry "CAN"]

1. d4 d5 2. Nf3 Nc6 3. e3 Bg4 4. c3 e5 5. dxe5 Nxe5 6. Be2 Bxf3 7. Bxf3 Nf6 8.
Qe2 c6 9. Nd2 Bd6 10. b3 a5 11. a4 O-O 12. g3 Qd7 13. Bg2 Qf5 14. O-O Qc2 15.
Qd1 Qxc3 16. Rb1 Bb4 17. Nf3 Nxf3+ 18. Bxf3 Ne4 19. Bxe4 dxe4 20. Bb2 Qd3 21.
Qg4 g6 22. Bf6 Qd6 23. Qg5 Rfe8 24. Rfd1 Qe6 25. Rd4 Bc3 26. Rbd1 h6 27. Qh4 c5
28. Rd6 Bxf6 29. Rxe6 Bxh4 30. Rxe8+ Rxe8 31. gxh4 Re6 32. Rd5 b6 33. Kg2 Kf8
34. f4 exf3+ 35. Kxf3 Ke7 36. h5 g5 37. h3 Rd6 38. Ke4 Rxd5 39. Kxd5 f5 40. Ke5
g4 41. hxg4 fxg4 42. Kf4 b5 0-1

[Event "Mauricie op U2000"]
[Site "Trois-Rivieres CAN"]
[Date "2016.03.19"]
[Round "2"]
[White "Leung, Chin"]
[Black "Morin, Louis"]
[Result "1/2-1/2"]
[WhiteElo "1843"]
[BlackElo "1925"]
[PlyCount "74"]
[EventDate "2016.03.18"]
[EventType "swiss"]
[EventRounds "5"]
[EventCountry "CAN"]

1. e4 e5 2. Nf3 d6 3. Bc4 Be6 4. Bxe6 fxe6 5. O-O Nf6 6. c3 Qd7 7. Qb3 Nc6 8.
Re1 O-O-O 9. d4 exd4 10. cxd4 d5 11. Nc3 Bb4 12. e5 Bxc3 13. bxc3 Ne4 14. h3
Rdf8 15. Ba3 Rxf3 16. gxf3 Nd2 17. Qd1 Nc4 18. Bc1 Qf7 19. Kh2 Rf8 20. f4 Ne7
21. Rg1 Nf5 22. Rb1 g6 23. Rb4 Ng7 24. Rxc4 dxc4 25. Qa4 Nh5 26. Rg4 g5 27.
Qxa7 Nxf4 28. Bxf4 h5 29. Bxg5 hxg4 30. Bf6 gxh3 31. Qa8+ Kd7 32. Qxb7 Rg8 33.
Qb5+ Kc8 34. Qa6+ Kd7 35. Qb5+ Kc8 36. Qa6+ Kd7 37. Qxc4 Qg6 1/2-1/2

[Event "Mauricie op U2000"]
[Site "Trois-Rivieres CAN"]
[Date "2016.03.19"]
[Round "2"]
[White "Marcone, Malcom"]
[Black "Saha, Ananda"]
[Result "0-1"]
[WhiteElo "1846"]
[BlackElo "1941"]
[PlyCount "52"]
[EventDate "2016.03.18"]
[EventType "swiss"]
[EventRounds "5"]
[EventCountry "CAN"]

1. d4 d5 2. c4 e6 3. Nf3 Nf6 4. g3 Be7 5. Bg2 O-O 6. O-O b6 7. cxd5 exd5 8. Nc3
Bb7 9. Qb3 Nbd7 10. Nh4 Re8 11. Nf5 Nf8 12. Bg5 c6 13. e3 Ne6 14. Nxe7+ Qxe7
15. Bxf6 Qxf6 16. a4 Ng5 17. Qd1 Bc8 18. h4 Nh3+ 19. Bxh3 Bxh3 20. Re1 Qf5 21.
Ne2 Bg4 22. Qd2 Bf3 23. Nf4 Re4 24. Kh2 g5 25. hxg5 Qxg5 26. Nh3 Rh4 0-1